5 Most Popular Sports in Guyana - Statistics

General Stats
  • This quiz has been taken 34 times
  • The average score is 3 of 5
Answer Stats
Rank Sport % Correct
1 Cricket
93%
3 Soccer/Fútbol
89%
2 Basketball
78%
4 Volleyball
37%
5 Field Hockey
11%
No matching quizzes found
Score Distribution
Percent of People with Each Score
Percentile by Number Answered
Your Score History
You have not taken this quiz